[Event "Andalucia-ch U10"]
[Site "Islantilla"]
[Date "2012.04.13"]
[Round "4"]
[White "Gomez Perea, Jesus"]
[Black "Carrillo Vilchez, Jesus"]
[Result "1-0"]
[WhiteElo "1299"]
[BlackElo "1131"]
[PlyCount "45"]
[EventDate "2012.04.13"]
[EventType "swiss"]
[EventRounds "9"]
[EventCountry "ESP"]
[SourceTitle "CBM 148 Extra"]
[Source "ChessBase"]
[SourceDate "2012.06.22"]
[SourceVersion "1"]
[SourceVersionDate "2012.06.22"]
[SourceQuality "1"]

1. e4 e6 2. Nf3 Nf6 3. Nc3 Bb4 4. d3 Bxc3+ 5. bxc3 0-0 6. Ba3 Re8 7. Be2 c6 8. 0-0 Qa5 9. Bb4 Qb5 10. d4 Qb6 11. e5 Ne4 12. Qd3 d5 13. exd6 Nf6 14. Bc5 Qd8 15. Ng5 g6 16. Qh3 Na6 17. Ba3 h6 18. Qxh6 e5 19. Bd3 exd4 20. Bxg6 Be6 21. Bh7+ Kh8 22. Nxe6 Rxe6 23. Bf5+ 1-0